000
00310nam a2200133Ia 4500
008
240624s9999 xx 000 0 und d
041
_a
eng
082
_a
813.52 STE
100
_a
SHELDON SIDNEY
245
_a
BEST LAND PLANS
260
_c
2005
_a
New York
_b
Warner Books
300
_a
372p. ; 17cm.
365
_c
RS
999
_c
3968
_d
3968